Statistiques concernant Points faibles de personnages de fiction

Cliquez ici pour prendre le quiz!

Statistiques générales

  • Ce quiz a été pris 35 fois
  • Le résultat moyen est 9 sur 30

Statistiques - réponses

Personnage+universPoint faible% Correct
Sorcière de l'ouest, Le magicien d'OzL'eau
91%
Gremlins, GremlinsEtre mouillé
85%
Superman, SupermanLa kryptonite
71%
Achille, film TroieSon talon
68%
Gollum, Le Seigneur des AnneauxL'Anneau unique
47%
Mulder, X-FilesLe feu
47%
Luffy, One PieceL'eau de mer
44%
Dio, Jojo's Bizarre AdventureLe soleil
44%
Muzan, Demon SlayerLe soleil
41%
Ron, Harry PotterLes araignées
38%
Fumikage, My Hero AcademiaLa lumière
35%
Homer, Les SimpsonLes donuts
35%
Voldemort, Harry PotterSes horcruxes
35%
Davy Jones, Pirates des CaraibesSon coeur
32%
Cell, Dragon Ball ZSon coeur
32%
Son Goku, Dragon Ball ZLes aiguilles
26%
Indiana Jones, Indiana JonesLes serpents
24%
Titan Bestial, L'Attaque des TitansSa nuque
24%
Tsunade, NarutoLe sang
21%
XANA, Code LyokoLes tours
18%
Natsu, Fairy TailLe mal des transports
15%
Roy Mustang, Full Metal AlchemistLa pluie
6%
Ganondorf, The Legend of ZeldaL'épée de légende
6%
Roi de la nuit, Game of ThronesLe Verredragon
6%
Hal Jordan, Green LanternN'importe quoi de couleur jaune
6%
Smaug, Le HobbitSon écaille ventrale
6%
Rachel, FriendsLes balançoires
0%
Pierre,PokémonLes jolies filles
0%
Legoshi, BeastarsL'odeur des herbivores
0%
Croque-mitaine, Les 5 légendesNe pas croire en lui
0%

Distribution des résultats

Percentile par nombre de réponses

% des personnes avec chaque résultat

Votre développement - résultats

Vous n’avez pas pris ce quiz